000 01701nam a2200373 c 4500
003 BLK
005 20220622085821.0
008 180408b bul|||||r ||||||| ||bul||
010 _aKNG00080165000
020 _a954-07-2347-7
_bиздат.: Унив. изд. Св. Климент Охридски
040 _aBLK
041 _aBUL
_cBUL
080 _aНервна система. Сетивни органи
_b612.8
_x(075.8)
_z612.8(075.8)
080 _aМолекулярни основи на живота. Молекулярна биология. Генно инженерство (теория, методи) вж и 573.6
_b577.2
_x(075.8)
_z577.2(075.8)
100 1 _aИванов, Радой Иванов
_eпърви автор
_9272983
139 _aИванов, Радой Иванов
_bИ 21
245 1 0 _aНевробиология
_bОбщобиологични, неврофизиологични, неврохимични, психофизиологични аспекти
_cРадой Иванов Иванов.
257 _aBGR
260 София
_bУнив. изд. Св. Климент Охридски
_c2006
300 _a711 с.
_bс л., сх.
_c24 см
380 _a5
500 _aОфс. изд. - Библиогр. с. 703-710.
504 _a703-710
650 4 _aНервна система - физиология
_9243235
650 4 _aНеврофизиология
_9163858
653 _aневробиология
653 _aнервна система
653 _aучебници за ВУЗ
852 _aЦб 237485
856 4 _qpdf
_u
856 4 _qpdf
_u
942 _cKNG
_n0
_01
944 _aCR
_c14.12.2007
_kНаталия_Медовщикова
944 _aED
_c09.01.2009
_k
999 _c75745
_d75745